Elektrická zařízení obráběcích strojů /

Uložené v:
Podrobná bibliografia
Hlavný autor: Kulda, Vojtěch (Autor)
Médium: Kniha
Jazyk:Czech
Vydavateľské údaje: Praha : SNTL, 1958
Predmet:
Tagy: Pridať tag
Žiadne tagy, Buďte prvý, kto otaguje tento záznam!

MARC

LEADER 00000nam a22000003a 4500
001 stu38380
005 20150617225726.0
008 921014s1958----cs------------------cze-d
040 |a STU  |b slo 
041 0 |a cze 
044 |a cs 
080 |a 621.9.06 
100 1 |a Kulda, Vojtěch  |4 aut 
245 1 |a Elektrická zařízení obráběcích strojů /  |c [aut.]Vojtěch Kulda 
260 |a Praha :  |b SNTL,  |c 1958 
300 |a 430 s 
650 7 |a stroje obrábacie  |2 stusub 
650 7 |a zariadenia elektrické  |2 stusub 
996 |b 284M020060  |c M*3703-1  |l MMKN  |s A  |a 24  |w stu38380_0001